All 200+ 'M' Boy Names that have ever ranked in the top 1000 (US) - Statistics

General Stats
  • This quiz has been taken 72 times
  • The average score is 90 of 226
Answer Stats
Highest Rank Male name % Correct
1 Michael
98%
929 Michal
98%
839 Michale
98%
85 Micheal
98%
458 Michel
98%
872 Michele
98%
690 Michelle
98%
975 Michial
98%
989 Mikael
98%
965 Mikal
98%
922 Mikeal
98%
557 Mikel
98%
771 Mychal
98%
872 Mykel
98%
812 Moe
96%
60 Marc
93%
6 Mark
93%
453 Mat
93%
786 Math
93%
230 Matt
93%
140 Mathew
91%
2 Matthew
91%
234 Marcos
87%
61 Marcus
87%
501 Markus
87%
36 Mike
87%
248 Mickey
82%
817 Micky
82%
785 Mal
80%
722 Mart
80%
186 Marty
80%
701 Mel
80%
45 Martin
78%
308 Mac
75%
101 Mack
75%
838 Maison
75%
724 Masen
75%
2 Mason
75%
95 Maurice
75%
82 Morris
75%
98 Max
71%
954 Maxx
71%
176 Marco
69%
686 Maxim
69%
37 Miles
69%
120 Milo
69%
99 Myles
69%
642 Mylo
69%
573 Marie
67%
45 Marvin
67%
211 Mary
67%
107 Manuel
65%
763 Mell
65%
823 Mae
64%
632 May
64%
6 Mateo
62%
856 Matheo
62%
138 Matteo
62%
102 Mario
60%
435 Maximilian
60%
720 Maximillian
60%
311 Madison
58%
625 Mannie
58%
807 Marsh
58%
86 Micah
58%
427 Mitch
58%
528 Mitchel
58%
79 Mitchell
58%
441 Mohamed
58%
465 Mohammad
58%
511 Mohammed
58%
473 Mont
58%
245 Muhammad
58%
609 Mattie
56%
176 Mose
56%
852 Malvin
55%
631 Marshal
55%
132 Marshall
55%
48 Melvin
55%
359 Melvyn
55%
323 Moises
55%
293 Monte
55%
845 Montie
55%
349 Monty
55%
119 Moses
55%
36 Maverick
53%
86 Miguel
53%
236 Morgan
53%
337 Mathias
51%
158 Matias
51%
428 Matthias
51%
64 Milton
49%
276 Marlin
47%
882 Marlo
47%
217 Marlon
47%
113 Maxwell
47%
438 Miller
47%
398 Mackenzie
44%
206 Malcolm
40%
767 Malcom
40%
146 Malachi
38%
226 Malakai
38%
783 Malaki
38%
80 Marion
38%
965 Marrion
38%
230 Milan
38%
136 Maddox
36%
972 Maddux
36%
825 Maria
36%
197 Maximus
36%
862 Marley
35%
913 Mearl
33%
609 Merl
33%
171 Merle
33%
830 Murl
33%
996 Myrl
33%
776 Mace
31%
553 Madden
31%
247 Major
31%
832 Markel
31%
840 Markell
31%
264 Maximiliano
31%
778 Montgomery
31%
500 Marcel
29%
179 Monroe
29%
240 Morton
29%
206 Murray
29%
614 Murry
29%
377 Mervin
27%
828 Mervyn
27%
195 Myron
27%
825 Marian
25%
481 Mortimer
25%
288 Merlin
24%
510 Merlyn
24%
510 Murphy
24%
719 Magnus
22%
964 Marius
22%
548 Marcellus
20%
479 Marques
20%
719 Marquez
20%
258 Marquis
20%
372 Marquise
20%
352 Mauricio
20%
111 Malik
18%
837 Manson
18%
601 Marlyn
18%
172 Messiah
18%
973 Marcello
16%
444 Marcelo
16%
733 Mariano
16%
857 Maury
16%
404 Memphis
16%
771 Montana
16%
463 Moshe
16%
625 Mabel
15%
702 Male
15%
836 Maud
15%
682 Maude
15%
516 Maxie
15%
820 Mccoy
15%
141 Mckinley
15%
824 Merrick
15%
738 Mills
15%
578 Maximo
13%
672 Maxton
13%
747 Melissa
13%
614 Meredith
13%
326 Merrill
13%
301 Meyer
13%
652 Maggie
11%
491 Makai
11%
874 Makhi
11%
682 Manning
11%
392 Margaret
11%
629 Martha
11%
843 Massimo
11%
694 Mayson
11%
436 Melville
11%
956 Mikhail
11%
476 Minnie
11%
849 Montel
11%
877 Mordechai
11%
525 Musa
11%
887 Mamie
9%
186 Millard
9%
776 Myer
9%
976 Mael
7%
418 Merritt
7%
912 Merwin
7%
633 Misael
7%
540 Manley
5%
961 Manly
5%
829 Martell
5%
279 Maynard
5%
841 Mayo
5%
344 Mekhi
5%
333 Merton
5%
370 Milford
5%
777 Miner
5%
378 Minor
5%
820 Mustafa
5%
633 Myrtle
5%
494 Mahlon
4%
968 Makari
4%
862 Marcelino
4%
910 Mathews
4%
916 Meir
4%
517 Melton
4%
967 Mercer
4%
697 Milburn
4%
582 Mildred
4%
513 Macarthur
2%
714 Mansfield
2%
719 Margarito
2%
939 Marilyn
2%
816 Masao
2%
357 Mcarthur
2%
933 Menachem
2%
986 Minoru
2%
941 Montrell
2%
924 Murdock
2%
667 Manford
0%
778 Martez
0%
775 Milas
0%
723 Moody
0%
No matching quizzes found
Score Distribution
Percent of People with Each Score
Percentile by Number Answered
Your Score History
You have not taken this quiz